00588nam a2200181Ia 4500003000900000008004100009020002200050040001600072080001600088100002400104245013200128260003100260300001600291650002400307650002200331650002800353650002500381IN-BaIIA211028s9999 xx 000 0 eng d a978-3-642-03836-5 cIIA Library a530.12bTSA aTsamparlis, Michael 0aSpecial relativity: an introduction with 200 problems and solutionscMichael Tsamparlis  aHeidelbergbSpringerc2010 axvii, 595p. aFource-acceleration aNewtonian physics aRelativistic kinematics aRelativity principle